Music Quiz

Random Music or Lyrics Quiz

Lyrics: 'Luck Be a Lady' by Frank Sinatra Quiz Stats

 Plays Quiz not verified by Sporcle

Score 0/236 Timer 08:00
0 Plays Today
% Correct
Luck
99.2%
Luck
99.2%
Luck
99.2%
Luck
99.2%
Luck
99.2%
Luck
99.2%
Luck
99.2%
Luck
99.2%
Luck
99.2%
Luck
99.2%
Lady
98.8%
a
98.8%
be
98.8%
a
98.8%
lady
98.8%
be
98.8%
a
98.8%
lady
98.8%
a
98.8%
lady
98.8%
be
98.8%
a
98.8%
lady
98.8%
a
98.8%
a
98.8%
be
98.8%
be
98.8%
a
98.8%
lady
98.8%
A
98.8%
lady
98.8%
A
98.8%
lady
98.8%
be
98.8%
a
98.8%
lady
98.8%
A
98.8%
lady
98.8%
A
98.8%
lady
98.8%
be
98.8%
a
98.8%
lady
98.8%
be
98.8%
a
98.8%
lady
98.8%
tonight
97.6%
tonight
97.6%
tonight
97.6%
tonight
97.6%
tonight
97.6%
tonight
97.6%
you
97.2%
you
97.2%
You
97.2%
You
97.2%
You
97.2%
to
97.2%
to
97.2%
you
97.2%
you
97.2%
you
97.2%
I
96.8%
I
96.8%
The
95.2%
the
95.2%
the
95.2%
the
95.2%
the
95.2%
the
95.2%
the
95.2%
the
95.2%
the
95.2%
with
93.2%
with
93.2%
with
93.2%
with
93.2%
with
93.2%
with
93.2%
% Correct
with
93.2%
with
93.2%
me
92%
me
92%
me
92%
me,
92%
me,
92%
is
91.2%
is
91.2%
is
91.2%
on
90.8%
on
90.8%
on
90.8%
guy
88.4%
guy
88.4%
so
88%
do
88%
It
88%
it
88%
It
88%
it
88%
Other
87.6%
other
87.6%
other
87.6%
And
87.1%
And
87.1%
And
87.1%
And
87.1%
you've
86.3%
you've
86.3%
you've
86.3%
been
85.5%
that
85.5%
been
85.5%
guys
85.5%
been
85.5%
guy's
85.5%
that
85.5%
guy's
85.5%
that
85.5%
nice
84.7%
nice
84.7%
nice
84.7%
can
84.3%
can
84.3%
some
83.9%
some
83.9%
Of
83.1%
of
83.1%
in
83.1%
of
83.1%
in
83.1%
if
82.7%
They
81.9%
dice
81.9%
dice
81.9%
this
81.5%
let
81.5%
this
81.5%
this
81.5%
how
81.1%
blow
80.7%
her
80.7%
blow
80.7%
isn't
80.3%
call
79.9%
doesn't
79.9%
her
79.9%
doesn't
79.9%
isn't
79.9%
But
79.5%
room
79.5%
for
79.5%
your
79.5%
doesn't
79.5%
room
79.5%
my
79.5%
doesn't
79.5%
room
79.5%
% Correct
my
79.5%
out
79.1%
isn't
79.1%
isn't
79.1%
out
79.1%
out
79.1%
ever
78.7%
all
78.7%
all
78.7%
begin
78.3%
see
77.9%
came
77.5%
came
77.5%
there
77.1%
way
77.1%
way
77.1%
fair,
77.1%
fair,
76.7%
I'm
76.7%
I'm
76.7%
over
75.5%
over
75.5%
over
75.5%
gentleman
74.7%
dame
74.3%
Just
73.9%
Never
73.5%
Never
73.5%
know
72.7%
You're
72.3%
leave
72.3%
leave
72.3%
have
71.9%
have
71.9%
get
71.9%
get
71.9%
escort
67.9%
escort
67.9%
doubt
67.5%
sight
67.5%
sight
67.5%
Let's
67.1%
Let's
67.1%
wander
66.7%
keep
66.7%
party
66.7%
wander
66.7%
keep
66.7%
party
66.7%
very
66.3%
might
66.3%
might
66.3%
might
66.3%
best
66.3%
treated
65.5%
baby
65.5%
baby
65.5%
At
64.3%
stay
63.9%
pray
63.9%
Stick
63.9%
Stick
63.9%
polite
63.5%
polite
63.5%
give
62.7%
date
61.8%
running
61%
forget
61%
manners
60.2%
times
59%
unladylike
58.6%
before
57%
evening
55.8%
pickin's
54.2%
brush
53.8%
refuse
53.4%
lush
52.6%
yet,
47.8%

You're not logged in!

Compare scores with friends on all Sporcle quizzes.
OR
Log In

Sporcle TV

Today on Sporcle TV


Watch our educational content, quiz creation guides, and fun videos on Sporcle TV.

Show Comments

Extras

Top Quizzes Today


Score Distribution

Your Account Isn't Verified!

In order to create a playlist on Sporcle, you need to verify the email address you used during registration. Go to your Sporcle Settings to finish the process.

Report this User

Report this user for behavior that violates our Community Guidelines.

Details: